| 000 | 00595 a2200157 4500 | ||
|---|---|---|---|
| 999 |
_c3968 _d3968 |
||
| 020 | _a0340772441 | ||
| 050 | _aQA75.5 MOT 2000 | ||
| 100 |
_aMott, Julian _eauthor |
||
| 245 |
_aInformation and communication technology for advanced level / _cJulian Mott and Anne Leeming. |
||
| 264 |
_aLondon : _bHodder & Stoughton, _c♭2000. |
||
| 300 | _a330 pages : illustrations, portraits ; 28 cm | ||
| 500 | _aPrevious ed. published as: Information technology for advanced level. 1998. Includes index. | ||
| 650 | _a Information technology. | ||
| 700 | _aAnne Leeming. | ||
| 942 |
_2lcc _cBK _h75.5 _iMOT _kQA |
||